[Event "Al Ain op 3rd"]
[Site "Al Ain"]
[Date "2014.12.23"]
[Round "6"]
[White "Talibov, Uzeyir"]
[Black "Rafee, Mohd Hayel"]
[Result "0-1"]
[WhiteElo "1577"]
[BlackElo "1931"]
[PlyCount "72"]
[EventDate "2014.12.19"]
[EventType "swiss"]
[EventRounds "9"]
[EventCountry "UAE"]
[SourceTitle "CBM 164 Extra"]
[Source "ChessBase"]
[SourceDate "2015.03.02"]
[SourceVersion "1"]
[SourceVersionDate "2015.03.02"]
[SourceQuality "1"]

1. d4 Nf6 2. c4 e6 3. Nc3 Bb4 4. Bg5 h6 5. Bh4 0-0 6. Nf3 d5 7. cxd5 exd5 8. e3 Qd6 9. Bd3 Bg4 10. 0-0 c6 11. Bg3 Qe7 12. Na4 Nbd7 13. Be2 Ne4 14. Bh4 g5 15. Bg3 Bxf3 16. Bxf3 Nd2 17. Re1 Nxf3+ 18. Qxf3 Bxe1 19. Rxe1 Qb4 20. Qd1 b5 21. Nc5 Nxc5 22. Bd6 Rfe8 23. Bxc5 Qxb2 24. Qh5 Re6 25. Rf1 Qxa2 26. f4 Qd2 27. fxg5 Qxe3+ 28. Kh1 Rg6 29. gxh6 Qxh6 30. Qf5 Qg7 31. Qf2 a5 32. Qb2 Re8 33. Bd6 Rxd6 34. Qf2 Rde6 35. h3 Re2 36. Qg1 Rd2 0-1

[Event "Al Ain op 3rd"]
[Site "Al Ain"]
[Date "2014.12.19"]
[Round "1"]
[White "Pourramezanali, Amirreza"]
[Black "Talibov, Uzeyir"]
[Result "1-0"]
[WhiteElo "2427"]
[BlackElo "1577"]
[PlyCount "85"]
[EventDate "2014.12.19"]
[EventType "swiss"]
[EventRounds "9"]
[EventCountry "UAE"]
[SourceTitle "CBM 164 Extra"]
[Source "ChessBase"]
[SourceDate "2015.03.02"]
[SourceVersion "1"]
[SourceVersionDate "2015.03.02"]
[SourceQuality "1"]

1. d4 d5 2. Nf3 Nf6 3. Bf4 Nc6 4. e3 Bf5 5. c4 e6 6. Nc3 a6 7. Be2 Be7 8. 0-0 0-0 9. Nh4 Bg6 10. Nxg6 hxg6 11. cxd5 Nxd5 12. Bg3 Nxc3 13. bxc3 Bf6 14. Rb1 Rb8 15. Bf3 Qe7 16. Qa4 b5 17. Qb3 Na5 18. Qb4 Nc4 19. Rfd1 Na3 20. Rb3 Qxb4 21. cxb4 Nc4 22. Bxc7 Rbc8 23. Bg3 e5 24. Bb7 Rb8 25. Bd5 Rbc8 26. dxe5 Bxe5 27. Bxe5 Nxe5 28. f4 Nc4 29. Rc3 Rfd8 30. e4 Nb2 31. Rdc1 Rxc3 32. Rxc3 Na4 33. Rc7 Rf8 34. Rc6 Ra8 35. Rxg6 Rc8 36. Rxa6 Rc1+ 37. Kf2 Rc2+ 38. Kf3 Rb2 39. Ra8+ Kh7 40. Bxf7 Rxb4 41. f5 Rd4 42. Bg6+ Kh6 43. h4 1-0